000 00340nam a2200133Ia 4500
008 151001s9999||||xx |||||||||||||| ||und||
100 _aआसाराम वर्मा
245 _aशुभं करोति
250 _a1
260 _bशरदचंद्र टोंगो
260 _c1960
300 _a22
365 _b7
999 _c952892
_d952889